Quizzes, Questionnaires and Puzzles Ready-made activities for intermediate students

Na minha lista:
Detalhes bibliográficos
Autor principal: Craven, Miles
Formato: Livro
Idioma:inglês
Publicado em: Cambridge Cambridge University Press 2005
Edição:1. ed.
Assuntos:
Acesso em linha:View in OPAC
Tags: Adicionar Tag
Sem tags, seja o primeiro a adicionar uma tag!

MARC

LEADER 00000nam a2200000 a 4500
005 20260127134315.0
008 050516 2005 enk 000 0 eng d
020 |a 0521605822 
035 |a vtls008153944 
039 9 |y 200505160908  |z mschk03 
040 |a STUSCHK1  |b slo  |c STUSCHK1  |e AACR2 
080 |a 802.0 
100 1 |a Craven, Miles 
245 1 |a Quizzes, Questionnaires and Puzzles  |b Ready-made activities for intermediate students 
250 |a 1. ed. 
260 |a Cambridge  |b Cambridge University Press  |c 2005 
300 |a 125 s. 
650 0 |a angličtina--učebnica 
910 |a SCHK95 
919 |a 0-521-60582-2 
999 |c 9364  |d 9364